[Event "Russian Championship"]
[Site "Taganrog RUS"]
[Date "2011.06.26"]
[Round "11"]
[White "Jakovenko, Dmitry"]
[Black "Fedoseev, Vladimir"]
[Result "0-1"]
[WhiteElo "2732"]
[BlackElo "2506"]
[PlyCount "194"]
[EventDate "2011.??.??"]

1. d4 Nf6 2. c4 g6 3. Nc3 Bg7 4. e4 d6 5. Nf3 O-O 6. Be2 e5 7. O-O Nc6 8. d5
Ne7 9. Ne1 Nd7 10. Be3 f5 11. f3 f4 12. Bf2 g5 13. Nd3 Ng6 14. c5 Nf6 15. Rc1
Rf7 16. a4 h5 17. a5 g4 18. cxd6 cxd6 19. Nb5 g3 20. hxg3 fxg3 21. Bxg3 Bh6 22.
f4 Nxe4 23. Bh2 Nh4 24. Nf2 Bf5 25. Bd3 Nxf2 26. Rxf2 e4 27. Be2 e3 28. Rf1 Rg7
29. g3 Bh3 30. Nd4 Qf6 31. Ne6 Nf5 32. Nxg7 Qxg7 33. Kh1 h4 34. Rg1 hxg3 35.
Bxg3 Nxg3+ 36. Kh2 Bxf4 37. Kxh3 Kh8 38. Bg4 e2 39. Qd3 Qh6+ 40. Kg2 Bxc1 41.
Qc3+ Qg7 42. Qxg7+ Kxg7 43. Kxg3 Bxb2 44. Bxe2 Bc3 45. a6 bxa6 46. Bxa6 Kf6 47.
Rc1 Ba5 48. Ra1 Bb6 49. Re1 Bc5 50. Kf4 Rg8 51. Re6+ Kf7 52. Be2 Rg1 53. Bh5+
Kg7 54. Re7+ Kh6 55. Be2 Kg6 56. Re6+ Kg7 57. Re7+ Kf8 58. Rc7 a5 59. Bb5 Rb1
60. Bd3 Rd1 61. Bf5 a4 62. Kg5 Rg1+ 63. Bg4 Be3+ 64. Kf6 Bd4+ 65. Kg5 Bb6 66.
Rc8+ Kf7 67. Ra8 Be3+ 68. Kf5 Rf1+ 69. Ke4 Bc1 70. Be6+ Kg7 71. Kd3 a3 72. Kc2
Bb2 73. Rg8+ Kh7 74. Ra8 Rf3 75. Kb1 Bd4 76. Ra4 Bc5 77. Rh4+ Kg6 78. Rh2 Kf6
79. Re2 Rg3 80. Ka2 Ke7 81. Bf5+ Kd8 82. Bc2 Kc7 83. Bb3 Kb6 84. Rc2 Ka5 85.
Rc4 Rg2+ 86. Rc2 Rg7 87. Rc4 Kb5 88. Rc2 Bd4 89. Rc4 Bb2 90. Re4 Rg2 91. Ba4+
Kc5 92. Bc6 Bc1+ 93. Kb3 Rb2+ 94. Kc3 Bd2+ 95. Kd3 a2 96. Rc4+ Kb6 97. Ra4 Bh6
0-1

[Event "Russian Championship"]
[Site "Taganrog RUS"]
[Date "2011.06.26"]
[Round "11"]
[White "Khairullin, Ildar"]
[Black "Vitiugov, Nikita"]
[Result "1/2-1/2"]
[WhiteElo "2649"]
[BlackElo "2733"]
[PlyCount "49"]
[EventDate "2011.??.??"]

1. d4 Nf6 2. c4 e6 3. Nf3 Bb4+ 4. Bd2 Be7 5. g3 d5 6. Bg2 c6 7. O-O O-O 8. Qc2
b6 9. Bf4 Bb7 10. Rd1 Nbd7 11. Nc3 dxc4 12. Nd2 Nd5 13. Nxc4 Nxf4 14. gxf4 Qc7
15. e3 Rad8 16. a3 c5 17. d5 exd5 18. Nxd5 Bxd5 19. Rxd5 b5 20. Ne5 Nxe5 21.
Rxe5 Bd6 22. Rd5 Be7 23. Re5 Bd6 24. Rd5 Be7 25. Re5 1/2-1/2

[Event "Russian Championship"]
[Site "Taganrog RUS"]
[Date "2011.06.26"]
[Round "11"]
[White "Morozevich, Alexander"]
[Black "Galkin, Alexander"]
[Result "1/2-1/2"]
[WhiteElo "2694"]
[BlackElo "2687"]
[PlyCount "29"]
[EventDate "2011.??.??"]

1. e4 c6 2. d4 d5 3. exd5 cxd5 4. c4 Nf6 5. Nc3 e6 6. Nf3 Be7 7. cxd5 Nxd5 8.
Bd3 Nc6 9. O-O O-O 10. Re1 Nf6 11. Bg5 Nd5 12. Bd2 Nf6 13. Bg5 Nd5 14. Bd2 Nf6
15. Bg5 1/2-1/2

[Event "Russian Championship"]
[Site "Taganrog RUS"]
[Date "2011.06.26"]
[Round "11"]
[White "Timofeev, Artyom"]
[Black "Tomashevsky, Evgeny"]
[Result "1/2-1/2"]
[WhiteElo "2665"]
[BlackElo "2707"]
[PlyCount "44"]
[EventDate "2011.??.??"]

1. d4 Nf6 2. c4 e6 3. Nc3 Bb4 4. e3 O-O 5. Bd3 c5 6. Nf3 Nc6 7. O-O Bxc3 8.
bxc3 d6 9. e4 e5 10. h3 h6 11. Be3 b6 12. a4 Re8 13. d5 Ne7 14. a5 Ng6 15. Re1
Bd7 16. axb6 Qxb6 17. Kh2 a5 18. Nd2 Qd8 19. Bc2 Qe7 20. Nb3 Qd8 21. Nd2 Qe7
22. Nb3 Qd8 1/2-1/2

[Event "IX Gyorgy Marx Memorial"]
[Site "Paks HUN"]
[Date "2011.06.19"]
[Round "3"]
[White "Acs, Peter"]
[Black "Wojtaszek, Radoslaw"]
[Result "0-1"]
[WhiteElo "2606"]
[BlackElo "2721"]
[PlyCount "102"]
[EventDate "2011.??.??"]

1. e4 c5 2. Nf3 d6 3. d4 cxd4 4. Nxd4 Nf6 5. Nc3 a6 6. Bg5 e6 7. f4 h6 8. Bh4
Qb6 9. Qd2 Qxb2 10. Rb1 Qa3 11. Be2 Be7 12. O-O Nbd7 13. f5 e5 14. Nb3 Qb4 15.
a3 Qb6+ 16. Bf2 Qc7 17. Nd5 Nxd5 18. exd5 Nf6 19. Be3 Ne4 20. Qd3 Nc3 21. Rbc1
Bd7 22. Bd2 Rc8 23. Rf3 Qb6+ 24. Be3 Qb5 25. Qxc3 Rxc3 26. Bxb5 Bxb5 27. Nd2
Ba4 28. f6 gxf6 29. Ne4 Rxa3 30. c3 Bb3 31. c4 Ba4 32. c5 dxc5 33. Bxc5 Rxf3
34. Bxe7 Kxe7 35. gxf3 Rd8 36. Rc7+ Rd7 37. d6+ Ke6 38. Rc8 Bc6 39. Nc5+ Kxd6
40. Nxd7 Bxd7 41. Rh8 a5 42. Kf2 a4 43. Ke3 b5 44. Kd3 Bf5+ 45. Kc3 Kc5 46.
Rxh6 b4+ 47. Kd2 a3 48. Rxf6 Be6 49. Kc1 b3 50. h4 b2+ 51. Kb1 Bc4 0-1

[Event "IX Gyorgy Marx Memorial"]
[Site "Paks HUN"]
[Date "2011.06.20"]
[Round "4"]
[White "Bologan, Viktor"]
[Black "Berkes, Ferenc"]
[Result "0-1"]
[WhiteElo "2678"]
[BlackElo "2693"]
[PlyCount "108"]
[EventDate "2011.??.??"]

1. e4 c6 2. Nc3 d5 3. Nf3 a6 4. d4 Bg4 5. h3 Bh5 6. g4 Bg6 7. Ne5 e6 8. Nxg6
hxg6 9. Bg2 Nf6 10. e5 Nfd7 11. Ne2 c5 12. c4 dxc4 13. Bxb7 Ra7 14. Bg2 cxd4
15. Qxd4 Qa5+ 16. Bd2 Bb4 17. O-O Rc7 18. Bxb4 Qxb4 19. Rac1 Qc5 20. f4 g5 21.
f5 Nxe5 22. fxe6 fxe6 23. Qxc5 Rxc5 24. Nc3 Ke7 25. Ne4 Ra5 26. Nxg5 Nbd7 27.
Rce1 Rb8 28. b3 cxb3 29. axb3 Rxb3 30. Re2 Rba3 31. Bb7 Ra2 32. Rff2 Ra1+ 33.
Kg2 Rc5 34. Ra2 Rxa2 35. Rxa2 a5 36. Ba6 Nf6 37. Nf3 Nxf3 38. Kxf3 Nd5 39. Bb7
g5 40. Ke4 Kd6 41. Ra3 Rc3 42. Ra1 Re3+ 43. Kd4 e5+ 44. Kc4 Rc3+ 45. Kb5 Rc5+
46. Ka4 e4 47. Rf1 Ke5 48. h4 gxh4 49. g5 Nb6+ 50. Kb3 a4+ 51. Kb4 Rc7 52. Bxe4
Kxe4 53. Rh1 Rc4+ 54. Kb5 Ke5 0-1

[Event "IX Gyorgy Marx Memorial"]
[Site "Paks HUN"]
[Date "2011.06.20"]
[Round "4"]
[White "Smirin, Ilia"]
[Black "Wojtaszek, Radoslaw"]
[Result "1/2-1/2"]
[WhiteElo "2661"]
[BlackElo "2721"]
[PlyCount "30"]
[EventDate "2011.??.??"]

1. e4 c5 2. Nf3 d6 3. d4 cxd4 4. Nxd4 Nf6 5. Nc3 a6 6. Be2 e5 7. Nb3 Be7 8. O-O
O-O 9. Kh1 Nc6 10. f4 b5 11. Be3 Bb7 12. a4 exf4 13. Rxf4 Ne5 14. Qd4 Nc6 15.
Qd2 Ne5 1/2-1/2

[Event "IX Gyorgy Marx Memorial"]
[Site "Paks HUN"]
[Date "2011.06.21"]
[Round "5"]
[White "Berkes, Ferenc"]
[Black "Acs, Peter"]
[Result "1-0"]
[WhiteElo "2693"]
[BlackElo "2606"]
[PlyCount "137"]
[EventDate "2011.??.??"]

1. Nf3 Nf6 2. g3 g6 3. Bg2 Bg7 4. O-O O-O 5. c4 d6 6. Nc3 Nc6 7. d4 a6 8. Bf4
Bd7 9. Qd2 Rb8 10. Rac1 b5 11. b3 b4 12. Nb1 Ne4 13. Qc2 f5 14. d5 Na5 15. Ng5
Nc5 16. h4 h6 17. Nh3 e5 18. dxe6 Nxe6 19. Qd2 Kh7 20. Be3 Nc6 21. c5 dxc5 22.
Bxc5 Nxc5 23. Rxc5 Rf6 24. Rd5 Rd6 25. Rxd6 cxd6 26. Nf4 Nd4 27. e3 Ne6 28.
Nxe6 Bxe6 29. Rd1 d5 30. Bxd5 Bxd5 31. Qxd5 Qxd5 32. Rxd5 Rc8 33. Nd2 Rc2 34.
Nc4 Rxa2 35. Ra5 Rxa5 36. Nxa5 Kg8 37. Nc6 Bc3 38. Kf1 Kf7 39. Ke2 Ke6 40. Kd3
Kd6 41. Nd4 h5 42. Nf3 Kd5 43. Ng5 a5 44. Nh3 Kc5 45. Nf4 Be1 46. Ke2 Bc3 47.
Nxg6 a4 48. bxa4 b3 49. Kd1 Be1 50. Ne5 Bc3 51. Ng6 Be1 52. Ne7 f4 53. gxf4
Bxf2 54. Nf5 Kc4 55. a5 Kd3 56. Kc1 Ke4 57. Ne7 Bxe3+ 58. Kb2 Bc5 59. a6 Kxf4
60. Kxb3 Ba7 61. Kc4 Kg4 62. Nc6 Bb6 63. Kb5 Bf2 64. Ne7 Kxh4 65. Nc8 Kg3 66.
Nb6 Bxb6 67. Kxb6 h4 68. a7 h3 69. a8=Q 1-0

[Event "IX Gyorgy Marx Memorial"]
[Site "Paks HUN"]
[Date "2011.06.21"]
[Round "5"]
[White "Wojtaszek, Radoslaw"]
[Black "Bologan, Viktor"]
[Result "1-0"]
[WhiteElo "2721"]
[BlackElo "2678"]
[PlyCount "83"]
[EventDate "2011.??.??"]

1. d4 Nf6 2. c4 g6 3. g3 c5 4. d5 b5 5. cxb5 d6 6. Nc3 a6 7. bxa6 Bg7 8. Bg2
O-O 9. Nf3 Nxa6 10. Nd2 Qb6 11. O-O Nd7 12. Nc4 Qb4 13. Ne3 Nc7 14. Qc2 Ba6 15.
Bd2 Rfb8 16. Rab1 Qb7 17. Rfc1 Nb5 18. Qd1 Nd4 19. Nc2 Nb6 20. b3 Qd7 21. a4
Bb7 22. Na3 h5 23. e3 Nf5 24. Be1 Nh6 25. h3 Ba6 26. a5 Nc8 27. Na4 Bb5 28. Nc4
Ra6 29. Ncb6 Nxb6 30. Nxb6 Rbxb6 31. axb6 Rxb6 32. Bc3 Bxc3 33. Rxc3 Ba6 34.
Ra1 Nf5 35. b4 cxb4 36. Rc6 Qb7 37. Qa4 Be2 38. Qa5 Rb5 39. Qd8+ Kg7 40. Rc8
Kf6 41. Qh8+ Ng7 42. Rg8 1-0

[Event "IX Gyorgy Marx Memorial"]
[Site "Paks HUN"]
[Date "2011.06.23"]
[Round "6"]
[White "Salgado Lopez, Ivan"]
[Black "Wojtaszek, Radoslaw"]
[Result "1/2-1/2"]
[WhiteElo "2623"]
[BlackElo "2721"]
[PlyCount "73"]
[EventDate "2011.??.??"]

1. d4 Nf6 2. c4 e6 3. g3 d5 4. Nf3 Bb4+ 5. Bd2 Be7 6. Bg2 O-O 7. O-O c6 8. Qc2
Nbd7 9. Bf4 b6 10. cxd5 cxd5 11. Nc3 Bb7 12. Rfc1 Rc8 13. Qd1 a6 14. Rc2 Nh5
15. Bd2 Bd6 16. Rac1 Nhf6 17. Bf4 Bxf4 18. gxf4 Qe7 19. e3 g6 20. Ne5 Kg7 21.
a3 Qd6 22. Bf1 Ne4 23. Na4 Nef6 24. Be2 Rxc2 25. Rxc2 Rc8 26. Nc3 Ne4 27. Nxe4
dxe4 28. Rxc8 Bxc8 29. Qa4 Nxe5 30. fxe5 Qc7 31. Qc4 Qxc4 32. Bxc4 Bb7 33. Kg2
g5 34. Kg3 Kg6 35. Be2 h5 36. h4 b5 37. Bf1 1/2-1/2

[Event "IX Gyorgy Marx Memorial"]
[Site "Paks HUN"]
[Date "2011.06.23"]
[Round "6"]
[White "Smirin, Ilia"]
[Black "Berkes, Ferenc"]
[Result "1/2-1/2"]
[WhiteElo "2661"]
[BlackElo "2693"]
[PlyCount "81"]
[EventDate "2011.??.??"]

1. e4 c6 2. d4 d5 3. Nd2 dxe4 4. Nxe4 Bf5 5. Nc5 e5 6. Nxb7 Qb6 7. Nc5 Bxc5 8.
dxc5 Qxc5 9. Bd3 Bxd3 10. Qxd3 Nf6 11. Ne2 O-O 12. O-O Nbd7 13. Be3 Qe7 14. Nc3
Ng4 15. Rad1 Nxe3 16. Qxe3 Nb6 17. b3 Rad8 18. Rfe1 f6 19. f4 Rxd1 20. Rxd1 Re8
21. fxe5 Qxe5 22. Qxe5 Rxe5 23. Rd2 Kf7 24. Kf2 h5 25. Ne2 Rd5 26. Rxd5 Nxd5
27. a3 g5 28. Nd4 Ne7 29. b4 f5 30. c4 Kf6 31. Ke3 h4 32. a4 g4 33. a5 Ke5 34.
a6 f4+ 35. Kd3 Kd6 36. Ke4 f3 37. gxf3 g3 38. h3 c5 39. bxc5+ Kxc5 40. f4 Nc8
41. Nf3 1/2-1/2

[Event "IX Gyorgy Marx Memorial"]
[Site "Paks HUN"]
[Date "2011.06.24"]
[Round "7"]
[White "Berkes, Ferenc"]
[Black "Wojtaszek, Radoslaw"]
[Result "1/2-1/2"]
[WhiteElo "2693"]
[BlackElo "2721"]
[PlyCount "50"]
[EventDate "2011.??.??"]

1. d4 Nf6 2. c4 e6 3. Nf3 d5 4. g3 Bb4+ 5. Bd2 Be7 6. Bg2 O-O 7. O-O c6 8. Qc2
Nbd7 9. Rd1 b6 10. Bf4 Bb7 11. Nc3 dxc4 12. Nd2 Nd5 13. Nxc4 Nxf4 14. gxf4 Qc7
15. e3 Rad8 16. Rd2 c5 17. d5 exd5 18. Bxd5 Nf6 19. Rad1 Nxd5 20. Nxd5 Bxd5 21.
Rxd5 Rxd5 22. Rxd5 Rd8 23. Qd3 Rxd5 24. Qxd5 Qd8 25. Qb7 Qd1+ 1/2-1/2

[Event "IX Gyorgy Marx Memorial"]
[Site "Paks HUN"]
[Date "2011.06.25"]
[Round "8"]
[White "Salgado Lopez, Ivan"]
[Black "Berkes, Ferenc"]
[Result "0-1"]
[WhiteElo "2623"]
[BlackElo "2693"]
[PlyCount "232"]
[EventDate "2011.??.??"]

1. d4 d5 2. c4 e6 3. Nc3 Be7 4. cxd5 exd5 5. Bf4 c6 6. Qc2 Bg4 7. e3 Bh5 8. Bd3
Bg6 9. Bxg6 hxg6 10. O-O-O Nd7 11. f3 Ngf6 12. g4 Nb6 13. Nge2 Bd6 14. h3 Bxf4
15. Nxf4 Qe7 16. e4 dxe4 17. fxe4 O-O-O 18. b3 Kb8 19. Kb1 Ne8 20. Qh2 Nc7 21.
Nfe2 Ka8 22. Rd3 Rd7 23. Rhd1 Rhd8 24. Qg3 g5 25. Qf3 f6 26. Kc2 Na6 27. Kb1 c5
28. dxc5 Nxc5 29. Rxd7 Rxd7 30. Nd5 Nxd5 31. exd5 Qe4+ 32. Qxe4 Nxe4 33. Rd3
Kb8 34. Re3 Nd6 35. Nd4 Kc7 36. Ne6+ Kb6 37. Nf8 Rf7 38. Ne6 Nb5 39. Kb2 Nc7
40. Nxc7 Kxc7 41. Kc3 Kd6 42. Kd4 Re7 43. Rc3 Re5 44. Rc8 Rxd5+ 45. Ke4 Re5+
46. Kd4 Re2 47. Rd8+ Kc6 48. Rc8+ Kb6 49. a4 Rd2+ 50. Ke4 Re2+ 51. Kf5 Re3 52.
Kg6 Rxh3 53. Kxg7 Rg3 54. Rc4 Rf3 55. Rb4+ Ka6 56. Rd4 Rf4 57. Rd7 f5 58. gxf5
Rxf5 59. Kg6 Rf3 60. b4 g4 61. b5+ Kb6 62. a5+ Kxb5 63. Rxb7+ Ka6 64. Rg7 g3
65. Kh5 Rf8 66. Kh6 Rh8+ 67. Kg5 Rh7 68. Rg6+ Kxa5 69. Kf4 Rh3 70. Kf3 a6 71.
Kg2 Rh7 72. Rxg3 Rf7 73. Re3 Rf5 74. Kg3 Kb4 75. Re4+ Kc3 76. Kg4 Rd5 77. Kf3
a5 78. Ke2 Kb3 79. Re3+ Kc2 80. Re8 Rc5 81. Re4 Rc7 82. Ke1 Rc8 83. Ke2 Rc5 84.
Ke1 Rc7 85. Ke2 Rc8 86. Ke1 Rc3 87. Ke2 Rc5 88. Ke1 Rb5 89. Rc4+ Kb3 90. Rc8
Kb2 91. Kd2 Rd5+ 92. Ke3 a4 93. Rb8+ Kc3 94. Rc8+ Kb3 95. Rb8+ Ka2 96. Rb4 a3
97. Ke2 Rh5 98. Kd2 Rh2+ 99. Kc1 Rb2 100. Ra4 Kb3 101. Ra8 Rc2+ 102. Kd1 a2
103. Rb8+ Kc4 104. Rc8+ Kd5 105. Rd8+ Ke6 106. Kxc2 a1=Q 107. Rd2 Ke5 108. Re2+
Kd4 109. Rd2+ Kc4 110. Re2 Qd4 111. Rd2 Qe4+ 112. Kb2 Kb4 113. Rc2 Qd4+ 114.
Ka2 Ka4 115. Rb2 Qd5+ 116. Kb1 Ka3 0-1

[Event "IX Gyorgy Marx Memorial"]
[Site "Paks HUN"]
[Date "2011.06.25"]
[Round "8"]
[White "Wojtaszek, Radoslaw"]
[Black "Acs, Peter"]
[Result "1-0"]
[WhiteElo "2721"]
[BlackElo "2606"]
[PlyCount "83"]
[EventDate "2011.??.??"]

1. d4 Nf6 2. c4 e6 3. Nc3 Bb4 4. Nf3 c5 5. g3 Nc6 6. Bg2 Ne4 7. Bd2 Nxd2 8.
Qxd2 cxd4 9. Nxd4 Qb6 10. e3 Ne5 11. b3 Qa5 12. Rc1 a6 13. O-O O-O 14. f4 Nc6
15. Rfd1 d5 16. cxd5 exd5 17. h3 Ba3 18. Rc2 Nxd4 19. exd4 Bb4 20. Qd3 Be6 21.
f5 Bxc3 22. fxe6 Bb4 23. Qf5 Rad8 24. Rf1 fxe6 25. Qxe6+ Kh8 26. Rxf8+ Bxf8 27.
Kh2 h6 28. h4 Bd6 29. Rc8 Rxc8 30. Qxc8+ Kh7 31. Qf5+ Kh8 32. Bxd5 Qe1 33. Qc8+
Kh7 34. Qg8+ Kg6 35. h5+ Kxh5 36. Qf7+ Kg5 37. Qxg7+ Kf5 38. Qd7+ Kg5 39. Qxd6
Qe2+ 40. Bg2 Qh5+ 41. Kg1 Qd1+ 42. Bf1 1-0

[Event "IX Gyorgy Marx Memorial"]
[Site "Paks HUN"]
[Date "2011.06.26"]
[Round "9"]
[White "Acs, Peter"]
[Black "Berkes, Ferenc"]
[Result "1/2-1/2"]
[WhiteElo "2606"]
[BlackElo "2693"]
[PlyCount "52"]
[EventDate "2011.??.??"]

1. e4 c5 2. Nf3 d6 3. d4 cxd4 4. Nxd4 Nf6 5. Nc3 a6 6. Bg5 e6 7. f4 h6 8. Bh4
Qb6 9. Qd2 Qxb2 10. Rb1 Qa3 11. e5 dxe5 12. fxe5 Nd5 13. Nxd5 exd5 14. e6 Bxe6
15. Nxe6 fxe6 16. Bd3 Be7 17. Bg6+ Kd8 18. Bxe7+ Qxe7 19. O-O Nd7 20. Rf7 Qc5+
21. Kh1 Rf8 22. Rxg7 Rf6 23. Rg8+ Rf8 24. Rg7 Rf6 25. Rg8+ Rf8 26. Rg7 Rf6 {
White Time: 1h:17min Black Time: 1h:31min} 1/2-1/2

[Event "IX Gyorgy Marx Memorial"]
[Site "Paks HUN"]
[Date "2011.06.27"]
[Round "10"]
[White "Berkes, Ferenc"]
[Black "Bologan, Viktor"]
[Result "1/2-1/2"]
[WhiteElo "2693"]
[BlackElo "2678"]
[PlyCount "153"]
[EventDate "2011.??.??"]

1. d4 Nf6 2. c4 g6 3. g3 c5 4. d5 b5 5. cxb5 a6 6. bxa6 d6 7. Nc3 Bg7 8. Nf3
O-O 9. Bg2 Nxa6 10. Nd2 Qa5 11. Nc4 Qb4 12. Ne3 Ng4 13. Nc2 Bxc3+ 14. bxc3
Qxc3+ 15. Bd2 Qb2 16. h3 Nf6 17. Bc1 Qc3+ 18. Bd2 Qb2 19. Bc1 Qb7 20. Ne3 Bd7
21. O-O Rfb8 22. g4 Qb4 23. a3 Qa4 24. g5 Nh5 25. Qxa4 Bxa4 26. Bf3 Ng7 27. Bd2
Nc7 28. Nc4 Bb3 29. Rfc1 Nf5 30. e3 Ra4 31. Rab1 Rb5 32. Na5 Bxd5 33. Rxb5 Bxf3
34. Rb8+ Kg7 35. Nc4 f6 36. gxf6+ Kxf6 37. Bc3+ Ke6 38. Bb2 Nh4 39. Nd2 Bc6 40.
e4 Nb5 41. f4 Nxa3 42. Rb6 Bxe4 43. Bxa3 Rxa3 44. Nxe4 Kf5 45. Nf2 Nf3+ 46. Kg2
Kxf4 47. Rb7 Nh4+ 48. Kg1 Nf5 49. Kg2 d5 50. Rxc5 Ne3+ 51. Kh2 Ra2 52. Kg1 Ra1+
53. Kh2 Kf3 54. Rxe7 Nf1+ 55. Kg1 Nd2+ 56. Kh2 Kxf2 57. Rf7+ Nf3+ 58. Rxf3+
Kxf3 59. Rxd5 Ra2+ 60. Kh1 Re2 61. Rg5 Re6 62. Kh2 h6 63. Rg3+ Kf4 64. Rg4+ Kf5
65. Ra4 Re4 66. Ra6 h5 67. Kg2 Kg5 68. Kg3 Kf5 69. Kf3 Re5 70. h4 Rd5 71. Ra3
Rd1 72. Ra5+ Ke6 73. Ra6+ Kf5 74. Ra5+ Kf6 75. Ra6+ Kg7 76. Ra7+ Kh6 77. Kg2
1/2-1/2

[Event "IX Gyorgy Marx Memorial"]
[Site "Paks HUN"]
[Date "2011.06.27"]
[Round "10"]
[White "Wojtaszek, Radoslaw"]
[Black "Smirin, Ilia"]
[Result "1/2-1/2"]
[WhiteElo "2721"]
[BlackElo "2661"]
[PlyCount "33"]
[EventDate "2011.??.??"]

1. d4 Nf6 2. c4 g6 3. g3 c6 4. Nf3 Bg7 5. Bg2 d5 6. Qb3 O-O 7. O-O dxc4 8. Qxc4
Bf5 9. Nc3 Nbd7 10. e3 Ne4 11. Qe2 Qa5 12. Bd2 Nxd2 13. Nxd2 Nf6 14. Nc4 Qa6
15. Rac1 Bg4 16. Qd3 Bf5 17. Qe2 1/2-1/2

[Event "Coupe De France Final"]
[Site "Port Marly FRA"]
[Date "2011.06.26"]
[Round "1"]
[White "Housieaux, David"]
[Black "Vachier Lagrave, Maxime"]
[Result "1/2-1/2"]
[WhiteElo "2436"]
[BlackElo "2731"]
[PlyCount "70"]
[EventDate "2011.06.26"]

1. d4 Nf6 2. c4 g6 3. Nc3 d5 4. cxd5 Nxd5 5. e4 Nxc3 6. bxc3 Bg7 7. Bg5 c5 8.
Rc1 O-O 9. d5 Qd6 10. Bd3 Nd7 11. Ne2 f5 12. exf5 Ne5 13. O-O Nxd3 14. Qxd3
Rxf5 15. Be3 Qxd5 16. Qxd5+ Rxd5 17. Nf4 Rd8 18. c4 b6 19. Nd5 Kf7 20. Rfe1 Bb7
21. Nc7 Rac8 22. Ne6 Kxe6 23. Bd4+ Kf7 24. Bxg7 Rd2 25. a3 Kxg7 26. Rxe7+ Kf6
27. Rxb7 Rcd8 28. Kf1 Rb2 29. Rxh7 Rdd2 30. Kg1 Rxf2 31. Rf1 Rxf1+ 32. Kxf1 a6
33. h4 b5 34. Rc7 b4 35. Rc6+ Ke5 1/2-1/2

[Event "Dutch Championship"]
[Site "Boxtel NED"]
[Date "2011.06.26"]
[Round "1"]
[White "Ernst, Sipke"]
[Black "Giri, Anish"]
[Result "1/2-1/2"]
[WhiteElo "2596"]
[BlackElo "2687"]
[PlyCount "122"]
[EventDate "2011.??.??"]

1. d4 d5 2. c4 c6 3. Nf3 Nf6 4. Nc3 e6 5. Bg5 h6 6. Bh4 dxc4 7. e4 g5 8. Bg3 b5
9. Be2 Bb7 10. O-O Nbd7 11. Ne5 Bg7 12. Nxd7 Nxd7 13. Bd6 Bf8 14. Bxf8 Rxf8 15.
e5 Qb6 16. Ne4 O-O-O 17. Nd6+ Kb8 18. b3 c3 19. a4 f6 20. axb5 Nxe5 21. Nxb7
Kxb7 22. Qc2 Qxd4 23. bxc6+ Nxc6 24. Bf3 Qd3 25. Qa2 Rd5 26. b4 Qb5 27. Rfe1 g4
28. Bxg4 Rd2 29. Qxe6 Kb8 30. Be2 Qd5 31. Qe3 Qe5 32. Bf3 Nd4 33. Qxh6 Nxf3+
34. gxf3 Qg5+ 35. Qxg5 fxg5 36. Kg2 g4 37. fxg4 Rdxf2+ 38. Kg1 c2 39. Re8+ Rxe8
40. Kxf2 Re4 41. Kg3 Rxb4 42. Rc1 Rc4 43. h4 Kc7 44. h5 Kd6 45. h6 Rc7 46. g5
Ke6 47. g6 Rc3+ 48. Kh2 Rc8 49. Rf1 Rh8 50. h7 a5 51. Kg3 c1=Q 52. Rxc1 Kf6 53.
Rc6+ Kg7 54. Kf4 Rb8 55. Kf5 Rb5+ 56. Ke6 Rb8 57. Kd7 a4 58. Ra6 a3 59. Ke7 a2
60. Rxa2 Kxg6 61. h8=N+ Rxh8 1/2-1/2

[Event "Dutch Championship"]
[Site "Boxtel NED"]
[Date "2011.06.27"]
[Round "2"]
[White "Giri, Anish"]
[Black "L'Ami, Erwin"]
[Result "1-0"]
[WhiteElo "2687"]
[BlackElo "2611"]
[PlyCount "89"]
[EventDate "2011.??.??"]

1. Nf3 Nf6 2. c4 e6 3. g3 d5 4. Bg2 dxc4 5. Qa4+ Bd7 6. Qxc4 Bc6 7. O-O Be7 8.
Qc2 O-O 9. Nc3 b6 10. d4 Nbd7 11. e4 Bb7 12. Rd1 a6 13. a3 Qb8 14. Bf4 Nh5 15.
Be3 Nhf6 16. Bf4 Nh5 17. Be3 Nhf6 18. Rac1 Rc8 19. Qb1 b5 20. b4 Nb6 21. Bf1
Rd8 22. h3 Qa7 23. Nd2 Rac8 24. Nb3 Qa8 25. f3 Nfd7 26. Na5 e5 27. Ne2 Bf8 28.
Bg2 exd4 29. Nxd4 Ne5 30. Bg5 Re8 31. Nxb7 Qxb7 32. f4 Nec4 33. e5 c6 34. Qe4
f6 35. Bh4 g5 36. fxg5 Rxe5 37. Qf4 fxg5 38. Bxg5 Nd5 39. Qg4 h5 40. Qxh5 Nde3
41. Nf3 c5 42. Qg6+ Bg7 43. Rxc4 bxc4 44. Bxe3 Rxe3 45. Ne5 1-0

[Event "Dutch Championship"]
[Site "Boxtel NED"]
[Date "2011.06.28"]
[Round "3"]
[White "Sokolov, Ivan"]
[Black "Giri, Anish"]
[Result "1/2-1/2"]
[WhiteElo "2645"]
[BlackElo "2687"]
[PlyCount "69"]
[EventDate "2011.??.??"]

1. d4 d5 2. c4 c6 3. Nc3 Nf6 4. cxd5 cxd5 5. Bf4 Nc6 6. e3 Bf5 7. Qb3 Na5 8.
Qa4+ Bd7 9. Qc2 Rc8 10. Bd3 e6 11. Nf3 b5 12. a3 Nc4 13. O-O Be7 14. h3 a5 15.
Qe2 Nxa3 16. Nxb5 Nxb5 17. Bxb5 Qb6 18. Bd3 O-O 19. Ne5 Be8 20. Rfc1 Rxc1+ 21.
Rxc1 Ba4 22. Bg5 h6 23. Bh4 Rb8 24. Ng4 Qd8 25. Bxf6 Bxf6 26. Nxf6+ Qxf6 27.
Rc5 Qd8 28. e4 Bb3 29. e5 Rb4 30. Qd2 Bc4 31. Qc1 Qb8 32. Bc2 a4 33. Ra5 Bb3
34. Bd3 Bc4 35. Bc2 1/2-1/2

[Event "Dutch Championship"]
[Site "Boxtel NED"]
[Date "2011.06.29"]
[Round "4"]
[White "Giri, Anish"]
[Black "Nijboer, Friso"]
[Result "1/2-1/2"]
[WhiteElo "2687"]
[BlackElo "2538"]
[PlyCount "53"]
[EventDate "2011.??.??"]

1. d4 f5 2. Nf3 Nf6 3. g3 g6 4. Bg2 Bg7 5. O-O O-O 6. b3 d6 7. Bb2 Ne4 8. Nbd2
Nc6 9. Re1 Nxd2 10. Qxd2 e5 11. dxe5 dxe5 12. Qxd8 Rxd8 13. e4 fxe4 14. Ng5 h6
15. Nxe4 Nd4 16. c3 Ne6 17. Ba3 Re8 18. Nd2 Nd8 19. Nc4 Rb8 20. Rad1 Nf7 21.
Bd5 Be6 22. Na5 Bxd5 23. Rxd5 e4 24. Re3 Ne5 25. h3 Re6 26. Bc1 b6 27. Nc4
1/2-1/2

[Event "Dutch Championship"]
[Site "Boxtel NED"]
[Date "2011.06.30"]
[Round "5"]
[White "Smeets, Jan"]
[Black "Giri, Anish"]
[Result "0-1"]
[WhiteElo "2647"]
[BlackElo "2687"]
[PlyCount "138"]
[EventDate "2011.??.??"]

1. e4 c5 2. Nf3 d6 3. d4 cxd4 4. Nxd4 Nf6 5. Nc3 a6 6. Be3 Ng4 7. Bg5 h6 8. Bh4
g5 9. Bg3 Bg7 10. h3 Nf6 11. Qf3 Qb6 12. O-O-O Nc6 13. Nxc6 Qxc6 14. Be2 Qc5
15. Rhe1 Be6 16. e5 dxe5 17. Bd3 Nd7 18. Bf5 Bxf5 19. Qxf5 Qc6 20. Rd2 e6 21.
Qd3 f5 22. Red1 Rd8 23. Qe2 Ke7 24. Qh5 Rhg8 25. Qe2 Qc7 26. Re1 Bf6 27. Bh2 b5
28. a3 Qc4 29. Qxc4 bxc4 30. f3 Bg7 31. Na4 h5 32. Kb1 g4 33. hxg4 hxg4 34.
fxg4 Bh6 35. Rxd7+ Rxd7 36. gxf5 exf5 37. Bxe5 Kf7 38. Rf1 Kg6 39. Nb6 Re7 40.
Nxc4 Rc8 41. Bd6 Re6 42. Ne5+ Kg7 43. Rd1 Bf4 44. Nf7 Be3 45. Ne5 Bf4 46. Nf7
Rc4 47. Bxf4 Rxf4 48. Nd6 Rf2 49. g3 Kg6 50. b4 Ree2 51. Rc1 Rf3 52. a4 Rxg3
53. Rf1 Re5 54. Kb2 Rd5 55. Nb7 Rd4 56. c3 Rdd3 57. Rc1 f4 58. Nc5 Rd6 59. Kb3
Kf5 60. b5 axb5 61. axb5 f3 62. Kb4 f2 63. Rf1 Rd2 64. Nb3 Rb2 65. b6 Rg1 66.
Rxf2+ Rxf2 67. Kc5 Rb1 68. Nd4+ Ke5 69. Nb5 Rxb5+ 0-1

[Event "Dutch Championship"]
[Site "Boxtel"]
[Date "2011.07.02"]
[Round "6"]
[White "Brandenburg, Daan"]
[Black "Giri, Anish"]
[Result "0-1"]
[WhiteElo "2535"]
[BlackElo "2687"]
[PlyCount "70"]
[EventDate "2011.??.??"]

1. e4 c5 2. Nf3 d6 3. d4 cxd4 4. Nxd4 Nf6 5. Nc3 a6 6. h3 e6 7. g4 Be7 8. Bg2
Nfd7 9. Be3 Nc6 10. O-O O-O 11. f4 Nxd4 12. Qxd4 e5 13. Qd2 exf4 14. Bxf4 Ne5
15. Nd5 Be6 16. Nxe7+ Qxe7 17. Rad1 Rfd8 18. Rf2 b5 19. b3 Qc7 20. Qe3 Rd7 21.
Rfd2 h6 22. Qf2 f6 23. Rd4 Rc8 24. Qd2 Nf7 25. Kh1 Qxc2 26. Bxd6 a5 27. Bf1 b4
28. Bb5 Rdd8 29. Qxc2 Rxc2 30. Bf4 Rxd4 31. Rxd4 Rxa2 32. Ba4 Rc2 33. Rd3 g5
34. Bd2 Ne5 35. Rd6 Nf3 0-1

[Event "Dutch Championship"]
[Site "Boxtel NED"]
[Date "2011.07.03"]
[Round "7"]
[White "Giri, Anish"]
[Black "Swinkels, Robin"]
[Result "1-0"]
[WhiteElo "2687"]
[BlackElo "2483"]
[PlyCount "47"]
[EventDate "2011.??.??"]

1. d4 Nf6 2. c4 g6 3. Nc3 d5 4. Nf3 Bg7 5. Qb3 dxc4 6. Qxc4 O-O 7. e4 Nc6 8.
Be2 Bg4 9. d5 Na5 10. Qb4 Bxf3 11. Bxf3 c6 12. O-O Qb6 13. Qa4 Nd7 14. Rd1 Rfd8
15. g3 Rac8 16. Bg4 Nc5 17. Qc2 e6 18. Bg5 Re8 19. Na4 Nxa4 20. Qxa4 cxd5 21.
exd5 Nc4 22. dxe6 fxe6 23. Rac1 Ne5 24. Be3 1-0